| LEADER 00000nam 2200000uu 4500 |
| 001 213570 |
| 003 ULIBM |
| 008 230714s||||||||th 000 0 tha d |
| 020 ^a978-616-314-769-1
|
| 040 ^abcnkk
|
| 041 ^atha
|
| 060 0 ^aWE168 ^bก459 2564
|
| 100 0 ^aยงยุทธ ศิริปการ
|
| 245 00 ^aการบาดเจ็บทางออร์โธปิดิกส์ =^b Orthopaedic Trauma /^cยงยุทธ ศิริปการ
|
| 250 ^aพิมพ์ครั้งที่ 1
|
| 260 ^aกรุงเทพฯ :^bโรงพิมพ์มหาวิทยาลัยธรรมศาสตร์ ^c2564
|
| 300 ^a612 หน้า : ^bภาพประกอบ ; ตาราง ; ^c21 ซม.
|
| 650 0 ^aศัลยกรรมกระดูก
|
| 650 0 ^aกระดูกและเนื้อเยื้อกระดูก--บาดเจ็บ
|
| 650 0 ^aออร์โธปิดิกส์
|
| 700 0 ^aเจน จิตะพันธุ์กุล
|
| 700 0 ^aชินกาจ บุญญสิริกุล
|
| 700 0 ^aสุคณิศ ฉ่ำชื่น
|
| 700 0 ^aอดินันท์ อภิวัฒน์การุญ
|
| 999 ^aใช้งานได้ทุกระบบ
|